00707cam a22002533a 450000100060000000300060000600500170001200800410002904000150007004200070008505000070009210000340009924500620013326000290019550600300022451600200025465300160027465300340029065300180032465300200034270000200036283000290038285600420041132416PGUSA20140828083713.0100518s2010||||xxu|||||s|||||000 1 eng d aPGUSAbeng adc 4aPS1 aMiller, Walter M.,d1923-199610aWay of a Rebelh[electronic resource] /cWalter M. Miller bProject Gutenberg,c2010 aPublic domain in the USA. aElectronic text aWar stories aSubmarines (Ships) -- Fiction aShort stories aScience fiction1 aPalais, Rudolph 0aProject Gutenbergv3241640uhttp://www.gutenberg.org/ebooks/32416